| 000 | 00945nam a2200265 i 4500 | ||
|---|---|---|---|
| 001 | 67035 | ||
| 003 | ES-MaACL | ||
| 005 | 20230906165934.0 | ||
| 007 | t| | ||
| 008 | 980305s1991 sp ||||0| spa d | ||
| 020 | _a84-7812-105-6 | ||
| 040 |
_aM-BN _bspa _cM-BN |
||
| 080 | _a821.131.1-22"15" | ||
| 100 | 1 |
_aRuzzante. _9101093 |
|
| 245 | 1 | 0 |
_aParlamento de Ruzzante que vuelve de la guerra _b: ; Bilora ; La moschetta ; Primera oración / _cAngelo Beolco, "Ruzante" ; edición, prólogo y cronología de Juan Antonio Hormigón. |
| 260 |
_aMadrid : _bAsociación de Directores de Escena de España, _c[1991] |
||
| 300 |
_a152 p ; _c20 cm. |
||
| 490 | 1 |
_aLiteratura dramática ; _v12 |
|
| 700 | 1 |
_aHormigón, Juan Antonio. _964204 |
|
| 710 | 2 |
_aAsociación de Directores de Escena. _9159413 |
|
| 830 | 0 |
_aLiteratura dramática ; _v12 _9180293 |
|
| 852 |
_aES-MaACL _j2171-F-2 _bR.122810 |
||
| 999 |
_c67035 _d67035 |
||